SEC Football Teams and Mascots 2024 - Statistics

General Stats
  • This quiz has been taken 86 times
  • The average score is 15 of 16
Answer Stats
Team Name Mascot % Correct
Mississippi St Bulldogs
100%
Florida Gators
100%
Auburn Tigers
100%
LSU Tigers
100%
Missouri Tigers
100%
Alabama Crimson Tide
98%
Texas Longhorns
97%
Arkansas Razorbacks
97%
Georgia Bulldogs
94%
Oklahoma Sooners
94%
South Carolina Gamecocks
88%
Ole Miss Rebels
88%
Kentucky Wildcats
88%
Texas A&M Aggies
84%
Vanderbilt Commodores
72%
Tennessee Volenteers
63%
No matching quizzes found
Score Distribution
Percent of People with Each Score
Percentile by Number Answered
Your Score History
You have not taken this quiz